000 00335nam a2200133Ia 4500
008 240624s9999 xx 000 0 und d
041 _aeng
082 _a004.0684 SEV
100 _aSEVERANCE DENNIS
245 _aMAKING I T WORK AN EXECUTIVE S GUIDE TO
260 _c2002
_asystems
_bJossey-Bass
300 _a240 : p.
365 _c
_b25
999 _c23612
_d23612